000 00447nam a2200157 a 4500
001 000043067
005 20201002040619.0
008 140218s1989 nyu 000 0 spa d
020 _a0671667513
040 _aDO-SdBNP
_bspa
_cBNPHU
082 _axxx
_bxxx
100 1 _aWalsh, Michael,
_d1949-
_970592
245 1 0 _aWho's Afraid of Classical Music? /
_cMichael Walsh.
260 _aNew York :
_bSimon & Schuster,
_c1989.
300 _a227 p. ;
_c22 cm.
999 _c42556
_d42556